Welcome to the Holygrace Academy Library

Please use search bar below to get started

KATOOR KADAVU (Record no. 7156)

MARC details
000 -LEADER
fixed length control field 00263nam a22001217a 4500
082 ## - DEWEY DECIMAL CLASSIFICATION NUMBER
Classification number 894.812.3
Item number CHA/K
100 ## - MAIN ENTRY--AUTHOR NAME
Personal name CHARUVIL, ASOKAN
245 ## - TITLE STATEMENT
Title KATOOR KADAVU
260 ## - PUBLICATION, DISTRIBUTION, ETC. (IMPRINT)
Place of publication KOTTAYAM
Name of publisher DC BOOKS
300 ## - PHYSICAL DESCRIPTION
Number of Pages 376
650 ## - SUBJECT ADDED ENTRY--TOPICAL TERM
Topical Term MALAYALAM VOVEL
Geographic subdivision KERALA
942 ## - ADDED ENTRY ELEMENTS (KOHA)
Koha item type Books
Holdings
Withdrawn status Lost status Collection code Home library Current library Shelving location Date acquired Source of acquisition Cost, normal purchase price Full call number Accession Number Koha item type
    Fiction Main Library Main Library NEW SHELF WITH NEW ENTRY 26/10/2023 PURCHASE 420.00 894.812.3 CHA/K 13093 Books